000 01903nam a2200469 c 4500
999 _c51440
_d51440
001 51440
003 ES-MaCES
005 20250207040011.0
008 200122s2019 sp o000 | spa d
017 _aM 34366-2019
_bDL
020 _a9788484175360
020 _a9788484175438 (pdf)
020 _a9788484175445 (Epub)
024 7 _a854-19-055-6
_2nipo
024 7 _a854-19-058-2
_2nipo
024 7 _a854-19-062-1
040 _aES-MaCES
_bspa
_cES-MaCES
100 1 _99385
_aCebrián López, Inmaculada
245 1 0 _aAnálisis de las transiciones al empleo indefinido
_cInmaculada Cebrián López, Gloria Moreno Raymundo ; con la col. de Mariña Fernández Salgado, Marina Romaguera de la Cruz
260 _aMadrid
_bMinisterio de Trabajo, Migraciones y Seguridad Social, Subdirección General de Información Administrativa y Publicaciones
_c[2019]
300 _a281 p.
_c22 cm
490 1 _aColección Informes y estudios. Serie Empleo
_v57
541 _cGratuito
650 4 _aempleo
_928299
650 4 _ainserción profesional
_929942
650 4 _atransición a la vida profesional
_929447
650 4 _acontrato de trabajo de duración determinada
_930650
650 4 _aempleo temporal
_929000
650 4 _aempleo a tiempo parcial
_926772
650 4 _aanálisis del mercado de mano de obra
_930745
650 4 _aEspaña
_926964
650 4 _a2012-2017
_939676
650 4 _acuadros estadísticos
_928890
653 1 0 _aEmpleo
700 1 _939673
_aMoreno Raymundo, Gloria
700 1 _939674
_aFernández Salgado, Mariña
_ecol.
700 1 _939675
_aRomaguera de la Cruz, Marina
_ecol.
710 2 _aEspaña
_bMinisterio de Trabajo, Migraciones y Seguridad Social
_eed.
_939671
830 0 _aColección Informes y estudios (España. Ministerio de Trabajo, Migraciones y Seguridad Social)
_pSerie Empleo
_v57
_939639
902 _aLIB Libro
942 _2CES
_cBK
_h2.1.